00523nam a2200181 a 450000500170000000800410001702000150005805000230007310000190009624500730011525000220018826000340021030000210024452100080026565000260027370000200029970000220031920140310183250.0041019s19uu xx 00 eng d a0071412077 aQR 46 b.B873 2004 aBrooks, Geo F. aJawets, Melnick, & Adelberg's medical microbiology /cGeo F. Brooks. aInternational ed. aU.S.A :bMc-Graw-Hill,c2004. a818 p. :c24 cm. aNUR aMedical microbiology. aButel, Janet S. aMorse, Stephen A.